000 00812nam a2200241 a 4500
001 000013121
003 DO-SdBNP
005 20240530073916.0
008 091120s1995 dr 000 f spa d
040 _aDO-SdBNP
_bspa
_cBNPHU
082 4 _aRD863.44
_bT683m
_244
100 1 _aToribio, Tirso,
_d1936-
_930233
245 1 3 _aLa muerte de Jacinto Mendoza /
_cTirso Toribio; presentación Manuel Mora Serrano.
260 _aSanto Domingo :
_bAlfa & Omega,
_c1995.
300 _a202 p. ;
_c21 cm.
500 _aIncluye datos biográficos del autor en la contracubierta
590 _aInventariado, 2020/VM
650 0 _aNovela dominicana
_9223
650 0 _aLiteratura dominicana.
_967
700 1 _aMora Serrano, Manuel,
_c1933-
_epról.
_95162
910 _aValidado. Control de calidad EMS
942 _2ddc
_cLBS1
999 _c12763
_d12763